00453 a2200157 4500001000700000003000400007005001700011008004100028082001600069100002200085245007300107260002900180300001000209653006100219700001500280067722OSt20211231120215.0  a005.1bD27D1 aDave, P. Himanshu1 aDesign and analysis of algorithmscby P. Himanshu Dave and H.B. Dave aNew DelhibPearsonc2008 a807p. aComputer algorithms; Computer science; Computer software aDave, H.B.